000 00477nam a2200193Ia 4500
005 20230704132213.0
008 131103s9999 xx 000 0 und d
040 _aLoreto College
041 _aEnglish
082 _a938
_bTHU
100 _aThucydides
245 4 _aThe Peloponesian war
_cThycydides
260 _a[s.l.]
_b[s.n.]
_c[19 -?]
300 _a553 p.
_b ill.
650 _aAncient History
651 _aGreece - Ancient History
850 _aLCLIB
942 _cBK
999 _c8617
_d59096